Ekonomické zhodnotenie využívania marketingových nástrojov pri riešení problémov pri predaji špecifických výrobkov strojárskeho podniku diplomová práca

Na minha lista:
Detalhes bibliográficos
Autor principal: Bartová, Bibiána
Autor Corporativo: Podnikovohospodárska fakulta EU so sídlom v Košiciach. Katedra ekonómie
Outros Autores: Andrejovský, Pavol, 1975-
Formato: Livro
Idioma:eslovaco
Publicado em: Košice 2018
Tags: Adicionar Tag
Sem tags, seja o primeiro a adicionar uma tag!

MARC

LEADER 00000nbm a2200000 4500
001 0244114
005 20240827092208.1
041 0 |a slo 
044 |a SK 
245 1 0 |a Ekonomické zhodnotenie využívania marketingových nástrojov pri riešení problémov pri predaji špecifických výrobkov strojárskeho podniku  |b diplomová práca  |c Bibiána Bartová ; školiteľ: Pavol Andrejovský 
264 1 |a Košice  |c 2018 
300 |a 62 s. 
100 1 |a Bartová, Bibiána 
700 1 |a Andrejovský, Pavol, 1975- 
710 2 |a Podnikovohospodárska fakulta EU so sídlom v Košiciach. Katedra ekonómie